000 00733nam a2200241Ia 4500
001 3107
003 GE_BSU
008 181216s||||||||xx |||||||||||||| ||und||
020 _a5279017663
040 _cGE_BSU
080 _a658.45(075.8)
100 _aГрузинов, В.П; Грибов,в.д.
245 _aЭкономика предприяеия :Учеб. Пособие.
245 _cРед: Н.Ф. Карпычева, Р.В. Андреева
250 _aиздание второе
260 _aМоска
260 _bФинансы и статистика
260 _c1998
300 _a208 ст. ил.
541 _h7 Л. 20 Т.
653 _aЭкономика предприяеия
942 _cBK
999 _c37151
_d37151